All Metallica Songs - Statistics

General Stats
  • This quiz has been taken 18 times
  • The average score is 44 of 119
Answer Stats
Album Song % Correct
Master Of Puppets Master of Puppets
82%
...And Justice For All One
82%
Ride The Lightning Ride the Lightning
82%
Metallica Enter Sandman
73%
Kill Em' All Seek And Destroy
73%
Metallica The Unforgiven
73%
72 Seasons 72 Seasons
64%
...And Justice For All ...And Justice For All
64%
Master Of Puppets Battery
64%
...And Justice For All Blackened
64%
Ride The Lightning For Whom the Bell Tolls
64%
ReLoad Fuel
64%
Metallica Nothing Else Matters
64%
Master Of Puppets Orion
64%
Metallica Sad But True
64%
St. Anger St. Anger
64%
Kill Em' All The Four Horsemen
64%
ReLoad The Memory Remains
64%
ReLoad The Unforgiven II
64%
Ride The Lightning Trapped Under Ice
64%
Kill Em' All Whiplash
64%
Kill Em' All (Anesthesia) Pulling Teeth
55%
Ride The Lightning Fade to Black
55%
Ride The Lightning Fight Fire with Fire
55%
Kill Em' All Hit the Lights
55%
Load King Nothing
55%
72 Seasons Lux Aeterna
55%
Kill Em' All Metal Militia
55%
Kill Em' All Motorbreath
55%
Ride The Lightning The Call of Ktulu
55%
Death Magnetic The Unforgiven III
55%
Master Of Puppets Welcome Home (Sanitarium)
55%
Master Of Puppets Damage Inc.
45%
Ride The Lightning Escape
45%
Hardwired...to Self-Destruct Hardwired
45%
...And Justice For All Harvester of Sorrow
45%
72 Seasons If Darkness Had a Son
45%
72 Seasons Inamorata
45%
Kill Em' All Jump in the Fire
45%
Master Of Puppets Leper Messiah
45%
Kill Em' All Phantom Lord
45%
72 Seasons Screaming Suicide
45%
Metallica The God that Failed
45%
Master Of Puppets The Thing That Should Not Be
45%
Load 2 X 4
36%
Ride The Lightning Creeping Death
36%
72 Seasons Crown of Barbed Wire
36%
Master Of Puppets Disposable Heroes
36%
Metallica Don't Tread on Me
36%
...And Justice For All Dyers Eve
36%
...And Justice For All Eye of the Beholder
36%
St. Anger Frantic
36%
Metallica Holier Than Thou
36%
Load Mama Said
36%
Metallica My Friend of Misery
36%
Kill Em' All No Remorse
36%
Metallica Of Wolf and Man
36%
72 Seasons Sleepwalk My Life Away
36%
St. Anger Some Kind of Monster
36%
...And Justice For All The Frayed Ends of Sanity
36%
Load The House Jack Built
36%
...And Justice For All The Shortest Straw
36%
Metallica Through the Never
36%
...And Justice For All To Live Is To Die
36%
72 Seasons Too Far Gone?
36%
Metallica Wherever I May Roam
36%
Load Ain't My Bitch
27%
Hardwired...to Self-Destruct Atlas, Rise!
27%
ReLoad Attitude
27%
ReLoad Bad Seed
27%
Load Bleeding Me
27%
72 Seasons Chasing Light
27%
Load Cure
27%
St. Anger Dirty Window
27%
Load Hero of the Day
27%
St. Anger Invisible Kid
27%
ReLoad Low Man's Lyric
27%
Hardwired...to Self-Destruct Moth Into Flame
27%
72 Seasons Room of Mirrors
27%
72 Seasons Shadows Follow
27%
St. Anger Shoot Me Again
27%
Load The Outlaw Torn
27%
Metallica The Struggle Within
27%
Load Thorn Within
27%
ReLoad Where the Wild Things Are
27%
72 Seasons You Must Burn!
27%
Death Magnetic All Nightmare Long
18%
St. Anger All Within My Hands
18%
ReLoad Better Than You
18%
ReLoad Carpe Diem Baby
18%
Death Magnetic Cyanide
18%
ReLoad Devil's Dance
18%
ReLoad Fixxxer
18%
Hardwired...to Self-Destruct Halo on Fire
18%
Hardwired...to Self-Destruct ManUNKind
18%
St. Anger My World
18%
Load Poor Twisted Me
18%
ReLoad Prince Charming
18%
St. Anger Purify
18%
Load Ronnie
18%
ReLoad Slither
18%
Hardwired...to Self-Destruct Spit Out The Bone
18%
Death Magnetic The Day That Never Comes
18%
Death Magnetic The Judas Kiss
18%
St. Anger The Unnamed Feeling
18%
Load Until It Sleeps
18%
Load Wasting My Hate
18%
Hardwired...to Self-Destruct Am I Savage
9%
Death Magnetic Broken, Beat & Scarred
9%
Hardwired...to Self-Destruct Confusion
9%
Hardwired...to Self-Destruct Dream No More
9%
Hardwired...to Self-Destruct Here Comes Revenge
9%
Hardwired...to Self-Destruct Murder One
9%
Death Magnetic My Apocalypse
9%
Hardwired...to Self-Destruct Now That We're Dead
9%
St. Anger Sweet Amber
9%
Death Magnetic That Was Just Your Life
9%
Death Magnetic The End of the Line
9%
Death Magnetic Suicide & Redemption
0%
No matching quizzes found
Score Distribution
Percent of People with Each Score
Percentile by Number Answered
Your Score History
You have not taken this quiz